000 01295cam a2200253 4500
001 ABS65729
008 020716n2002 000 0 eng u
035 _a(Sirsi) u118869
100 _aMcGinty, A
245 _aBreaking into China
260 _c2002
490 _aProperty Week
_v67(21) 31 May 2002, 34-35(2)
520 _aChina's entry into the World Trade Organisation (WTO) has prompted increasing interest in the Chinese property market from foreign investors. Article outlines the reforms which have made the Chinese property market a more open, transparent and appealing place to do business. Looks at the new Foreign Investment Guidance Catalogue and guidance notes which outline the Chinese government's official policy towards foreign investment across a number of industry sectors, and highlights China's various property-related commitments in its WTO accession protocol. Concludes that foreign investors should still be aware of a number of risks of investing in Chinese property.
590 _aABS
650 _aCHINA
650 _aWORLD TRADE ORGANISATION
650 _aINVESTMENT MARKET
650 _aPROPERTY INVESTMENT
650 _aPROPERTY MARKET
650 _aREAL ESTATE
650 _aFOREIGN INVESTMENT
690 _aINTERNATIONAL-ASIA
942 _n0
999 _c70750
_d70750